La prueba en accin̤ Estrategias procesales en materia probatoria. Libro en homenaje a Llus̕ Muǫz Sabat ̌/

Bibliographic Details
Main Author: Pic ̤i Junoy, Joan
Other Authors: de Miranda Vz̀quez, Carlos
Format: eBook
Language:Spanish
Published: Barcelona: J.M. Bosch Editor, 2019
Subjects:
Online Access:Acceso restringido

MARC

LEADER 00000nam a22000007a 4500
005 20200302224945.0
007 cr|||| |||
008 200302s2019 es |||||s|||| 00||0 spa d
020 |a 978-84-121158-1-9 
035 |a 31115 
040 |a vLex 
090 |c 10145  |d 10145 
100 1 |a Pic ̤i Junoy, Joan 
245 1 2 |a La prueba en accin̤  |h [Recurso electrn̤ico] :  |b Estrategias procesales en materia probatoria. Libro en homenaje a Llus̕ Muǫz Sabat ̌/  |c Joan Pic ̤i Junoy, Carlos de Miranda Vz̀quez 
256 |a Servicio en ln̕ea 
260 |a Barcelona:  |b J.M. Bosch Editor,  |c 2019 
300 |a 1 recurso electrn̤ico 
500 |a Esta monografa̕ tiene por objeto analizar la prc̀tica de la prueba desde su perspectiva dinm̀ica, es decir, su propia actuacin̤ en el proceso. Como cualquier institucin̤ que tiene por objeto resolver con  |  ictos, las estrategias probatorias de las partes son vitales para conseguir la victoria en un pleito. Para lograr este conocimiento dinm̀ico, en el libro se exponen las experiencias profesionales de expertos litigantes (socios de los mayores despachos de abogados de Espaą), magistrados y especialistas en psicologa̕ judicial. De igual modo, se recogen los resultados de dos ensayos cln̕icos que desde la Asociacin̤ de Probt̀ica y Derecho Probatorio se han realizado sobre la prueba pericial y las pruebas personales (interrogatorio de las partes y de testigos). Todo ello para homenajear al Maestro Llus̕ Muǫz Sabat,̌ quien tanto nos ha enseądo de probt̀ica y de derecho probatorio. 
506 1 |a Disponible solo en los productos indicados  |d vLex Global  |d vLex Global (Academic Edition, excluding Law Schools)  |d vLex Global (U.S. Academic Edition, Law Schools)  |d vLex Global (U.S. Academic Edition, excluding Law Schools)  |d vLex Global (Academic Edition, Law Schools) 
650 0 4 |a Derecho Procesal  |z Espaą 
700 1 |a de Miranda Vz̀quez, Carlos 
740 0 |a vLex Libros (Servicio en ln̕ea) 
856 4 0 |u http://vlex.com/source/prueba-en-accion-estrategias-procesales-en-materia-probatoria-libro-en-homenaje-a-lluis-mu-oz-sabate-31115  |z Acceso restringido 
942 |c BOOK 
999 0 |a Procedural law